| 000 | 01140cam a22003135i 4500 | ||
|---|---|---|---|
| 999 |
_c16850 _d16850 |
||
| 001 | 15736766 | ||
| 003 | EG-ScBUE | ||
| 005 | 20201101134130.0 | ||
| 008 | 090513t20092009nyu f b 000 0 eng d | ||
| 020 | _a081121852X | ||
| 020 | _a9780811218528 (pbk. : alk. paper) | ||
| 040 |
_aDLC _beng _erda _cDLC _dYDX _dBTCTA _dYDXCP _dDLC _dEG-ScBUE |
||
| 082 | 0 | 4 |
_a812.54 _bWIL _222 |
| 100 | 1 |
_aWilliams, Tennessee, _d1911-1983, _eauthor. _930511 |
|
| 245 | 1 | 4 |
_aThe Night of the Iguana / _cTennessee Williams ; introduction by Doug Wright. |
| 264 | 1 |
_aNew York : _bNew Directions Pub., _c[2009] |
|
| 264 | 4 | _cc2009 | |
| 300 |
_axvii, 189 pages ; _c21 cm |
||
| 336 |
_atext _btxt _2rdacontent |
||
| 337 |
_aunmediated _bn _2rdamedia |
||
| 338 |
_avolume _bnc _2rdacarrier |
||
| 650 | 7 |
_aMan-woman relationships _vDrama. _2BUEsh |
|
| 650 | 7 |
_aMexico _vDrama. _2BUEsh _938034 |
|
| 651 | _2BUEsh | ||
| 653 |
_bHHUUEENN _cJuly2012 |
||
| 700 | 1 |
_aWright, Doug, _eauthor of introduction, etc. |
|
| 942 |
_2ddc _cBB |
||